Σχιζοφρένια και φόνος : μια ψυχολογική, εγκληματολογική έρευνα
Αποθηκεύτηκε σε:
| Κύριος συγγραφέας: | |
|---|---|
| Μορφή: | Βιβλίο |
| Γλώσσα: | Greek |
| Δημοσίευση: |
[Αθήνα] :
Παπαζήσης,
[1989]
|
| Έκδοση: | 2η έκδ. |
| Θέματα: | |
| Ετικέτες: |
Προσθήκη ετικέτας
Δεν υπάρχουν, Καταχωρήστε ετικέτα πρώτοι!
|
MARC
| LEADER | 00000nam a2200000 i 4500 | ||
|---|---|---|---|
| 001 | 1/89156 | ||
| 008 | 960923s1989 gre d | ||
| 035 | |a 1990 |b 2 |c Ναζίρη |l 10035678 | ||
| 035 | |a 1997 |b 3 |c Παπούδη | ||
| 040 | |a GR-MY-UA |b gre |e aacr | ||
| 041 | 0 | |a gre | |
| 082 | 0 | |a 362.26 | |
| 100 | 1 | |a Τσαλίκογλου, Φωτεινή. | |
| 245 | 1 | 0 | |a Σχιζοφρένια και φόνος : |b μια ψυχολογική, εγκληματολογική έρευνα / |c Φωτεινή Τσαλίκογλου |
| 250 | |a 2η έκδ. | ||
| 260 | |a [Αθήνα] : |b Παπαζήσης, |c [1989] | ||
| 300 | |a 267 σ. |b σχημ. | ||
| 650 | 0 | 0 | |a Schizophrenia. |
| 650 | 0 | 0 | |a Murder |x Psychological aspects. |
| 650 | 0 | 0 | |a Crime |x Psychological aspects. |
| 852 | |a INST |b RHODES |e 19960923 |h 362.26 ΤΣΑ |p 005400007940 |q 005400007940 |t BK |y 0 | ||
| 852 | |a INST |b RHODES |e 19980407 |h 362.26 ΤΣΑ |p 005400010742 |q 005400010742 |t BK |y 0 | ||
| 909 | |a Ρ |b 017834 |c 1990 | ||
| 909 | |a Ρ |b 051820 |c 1997 | ||